000 00537nam a22001817a 4500
005 20251108175913.0
008 250721s2022 xx 000 0 ara d
082 1 4 _a658.401/صلا
100 1 _aصلاح الدين، بن أحسن أحسن
245 1 0 _aالإدارة الاستراتيجية /
264 1 _aعمان :
_bزمزم ناشرون و موزعون،
_c2022.
300 _a176ص.
650 1 7 _aالادارة
650 1 7 _aالتخطيط
650 1 7 _aوضع السياسات
942 _2ddc
_cBK
999 _c145182
_d145182